000
00240nam a2200097Ia 4500
001
643387
005
20250826153544.0
008
250824s9999 xx 000 0 und d
245
0
_a
YİĞİT MUSTAFA
_c
HASAN NAİL CANAT
260
_b
GENÇ TİMAŞ
999
_c
643387
_d
643387